| 000 | 00762nam a2200265 i 4500 | ||
|---|---|---|---|
| 001 | 000037618 | ||
| 003 | DO-SdBNP | ||
| 005 | 20240316073901.0 | ||
| 007 | ta | ||
| 008 | 121008s2008 dr a r 000 0 spa d | ||
| 020 | _a9789945068719 | ||
| 040 |
_aDO-SdBNP _bspa _cBNPHU _erda |
||
| 082 | 4 |
_bC355v _222 |
|
| 100 |
_aCastro, Tomás, _d1959- _eautor _924641 |
||
| 245 | 1 | 0 |
_aVuelta al cantar de los cantares / _cTomás Castro Burdiez. |
| 250 | _a2 ed. | ||
| 264 | 4 |
_aSanto Domingo : _bSantuario, _c2008. |
|
| 300 |
_a82 páginas : _bilustraciones ; _c22 cm. |
||
| 336 |
_2rdacontent _atexto _btxt |
||
| 337 |
_2rdamedia _asin mediación _bn |
||
| 338 |
_2rdacarrier _avolumen _bnc |
||
| 590 | _aInventariado, 2019/BT | ||
| 910 | _aBtavárez | ||
| 942 |
_2ddc _cLBS1 |
||
| 999 |
_c37108 _d37108 |
||